| 000 | 03141nam a2200421 i 4500 | ||
|---|---|---|---|
| 001 | 000012784 | ||
| 003 | DO-SdBNP | ||
| 005 | 20240403092253.0 | ||
| 007 | ta | ||
| 008 | 150130s1996 dr ac 000 0 spa d | ||
| 040 |
_aDO-SdBNP _bspa _cBNPHU _erda |
||
| 082 | 4 |
_a371.0712 _bR788c _222 |
|
| 100 | 1 |
_aRosa de Castillo, Mercy de la _929576 _eautora |
|
| 245 | 1 | 0 |
_aCaminando con Jesus: _b formación integral, humana y religiosa : educación básica, cuarto grado / _cMercy de la Rosa de Castillo, Casilda Barías de Jiménez, Freddy Antonio García A., Salvador Valerio Pérez ; ilustración, Julio César Martínez. |
| 264 | 1 |
_aSanto Domingo : _bSusaeta, _c1996 |
|
| 300 |
_av. : _bIlustraciones., retratos. ; _c25 cm. |
||
| 336 |
_2rdacontent _atexto _btxt |
||
| 337 |
_2rdamedia _asin mediación _bn |
||
| 338 |
_2rdacarrier _avolumen _bnc |
||
| 500 | _aEducación básica, 4to grado | ||
| 500 | _aLa biblioteca posee: v.1, v.4, v.6, v.7 y v.8 | ||
| 505 | 0 |
_av. 1 : _gunidad 1 -- _tDios es el creador de la naturaleza y de la vida -- _gunidad 2 -- _tDios muestra su amor en la naturaleza y en todo lo creado -- _gunidad 3 -- _tAmo y cuido lo que Dios creó -- _gunidad 4 -- _tMi vida es un regalo de Dios -- _gunidad 5 -- _tRecibo el amor de Dios padre, en las demás personas y en Jesús -- _gunidad 6 -- _tJesús me enseña a amar la vida -- |
|
| 505 | 0 |
_av. 6 : _gPrimer bloque de contenidos : _tQuién fue Jesús de Nazaret ? _gSegundo bloque de contenidos : _tJesús , maestro y signo para nuesta vida hoy. _gTercer bloque de contenido : _tJesús, amigo y compañero. _gCuarto bloque de contenidos : _tLa misión de Jesús. _gQuinto bloque de contenido : _tSigo a Jesús. _gSexto bloque de contenidos : _tLos regalos de Jesús. |
|
| 505 | 0 |
_av.4 _gPrimer Bloque de Contenidos. _tMi compromiso en el cuidado de la vida.-- _gSegundo Bloque de Contenidos. _tServir me hacer feliz.-- _gTercer Bloque de Contenidos. _tAsí vivimos los cristianos.-- _gCuarto Bloque de Contenidos. _tEl poder de la unidad.-- _gQuinto Bloque de Contenidos. _tNuestro modelo es Jesús. |
|
| 505 | 0 |
_av.8 : _gPrimer bloque de contenido : _tLa familia educadora de los valores humanos, sociales y cristianos _gSegundo bloque de contenidos : _tLa convivencia, medio de crecimiento y realización _gTercer bloque de contenidos : _tLa religión : elemento importante de la vida cultura _gCuarto bloque de contenidos : _tEl mensaje de Jesucristo hoy _gQuinto bloque de contenidos : _tLos cristianos de hoy, testigos comprometidos |
|
| 590 | _aInventariado 2023 / MF | ||
| 650 | 4 |
_aEducación religiosa _976954 _zRepública Dominicana |
|
| 650 | 4 |
_aRepública Dominicana _zRepública Dominicana _99306 |
|
| 650 | 4 |
_aEducación religiosa _xEnseñanza elemental _976955 |
|
| 650 | 4 |
_aEducación religiosa _xLibros texto _976956 |
|
| 700 | 1 |
_aRosa de Castillo, Mercy de la, _929576 _eautora |
|
| 700 | 1 |
_aBarías de Jiménez, Casilda, _929577 _eautora |
|
| 700 | 1 |
_aGarcía A., Freddy Antonio, _929578 _eautor |
|
| 700 | 1 |
_aValerio Pérez, Salvador, _929579 _eautor |
|
| 700 | 1 |
_aMartínez, Julio César, _eilustraciones _91263 |
|
| 910 | _aValidado. Control de calidad MFF | ||
| 942 |
_2ddc _cLBS1 |
||
| 999 |
_c12435 _d12435 |
||